India's regional elites (Record no. 517491)

000 -LEADER
fixed length control field 00281nam a2200109 4500
082 ## - DEWEY DECIMAL CLASSIFICATION NUMBER
Classification number TNC B2x54 Su26
100 ## - MAIN ENTRY--PERSONAL NAME
Personal name Subramaniam, V.
9 (RLIN) 25329
245 ## - TITLE STATEMENT
Title India's regional elites
260 ## - PUBLICATION, DISTRIBUTION, ETC. (IMPRINT)
Place of publication, distribution, etc Delhi
Name of publisher, distributor, etc AP
Date of publication, distribution, etc 1998
300 ## - PHYSICAL DESCRIPTION
Extent 160p
650 ## - SUBJECT ADDED ENTRY--TOPICAL TERM
Topical term or geographic name as entry element Elites ( Social services) - India
9 (RLIN) 25330
Holdings
Withdrawn status Lost status Source of classification or shelving scheme Damaged status Koha normalized classification for sorting Not for loan Permanent location Current location Date acquired Full call number Barcode Date last seen Price effective from Koha item type
        TNC_B2X54_SU26   Indian Institute of Public Administration Indian Institute of Public Administration 2021-07-16 TNC B2x54 Su26 GR23507 2021-07-16 2021-07-16 GR

Powered by Koha